[Event "Wch U10"]
[Site "Weifang"]
[Date "2019.08.23"]
[Round "3"]
[White "Mayank, Chakraborty"]
[Black "Raghu, Ram Reddy Seelam"]
[Result "1/2-1/2"]
[WhiteElo "1731"]
[BlackElo "1631"]
[PlyCount "78"]
[EventDate "2019.08.21"]
[EventType "swiss"]
[EventRounds "11"]
[EventCountry "CHN"]
[SourceTitle "EXT 2020"]
[Source "ChessBase"]
[SourceDate "2019.10.17"]
[SourceVersion "1"]
[SourceVersionDate "2019.10.17"]
[SourceQuality "1"]

1. e4 e5 2. Nf3 Nc6 3. Bb5 a6 4. Ba4 Nf6 5. 0-0 Nxe4 6. d4 b5 7. Bb3 d5 8. dxe5 Be6 9. Nbd2 Nc5 10. c3 Be7 11. Bc2 d4 12. Nb3 dxc3 13. Nxc5 Bxc5 14. Be4 Qxd1 15. Rxd1 Bd7 16. bxc3 0-0-0 17. Bg5 Ne7 18. a4 h6 19. Bxe7 Bxe7 20. axb5 Bxb5 21. Nd4 Bc5 22. Nxb5 Rxd1+ 23. Rxd1 axb5 24. Rd5 Bb6 25. Rxb5 Rd8 26. Rd5 Rxd5 27. Bxd5 f6 28. e6 Kd8 29. g4 Ke7 30. Kg2 c6 31. Bxc6 Kxe6 32. Be8 f5 33. h3 fxg4 34. hxg4 Ba5 35. c4 Bc3 36. f4 Kd6 37. Kf3 Kc5 38. Bf7 Bb2 39. Ke4 Ba1 1/2-1/2

[Event "Mumbai Wealth op U13 4th"]
[Site "Mumbai"]
[Date "2019.01.06"]
[Round "8"]
[White "Kinkhabwala, Hrithik"]
[Black "Raghu, Ram Reddy Seelam"]
[Result "0-1"]
[WhiteElo "1244"]
[BlackElo "1472"]
[PlyCount "174"]
[EventDate "2018.12.30"]
[EventType "swiss"]
[EventRounds "9"]
[EventCountry "IND"]
[SourceTitle "CBM 188 Extra"]
[Source "ChessBase"]
[SourceDate "2019.02.26"]
[SourceVersion "1"]
[SourceVersionDate "2019.02.26"]
[SourceQuality "1"]

1. e4 e5 2. Nf3 Nc6 3. Bc4 Bc5 4. c3 Nf6 5. d3 a6 6. 0-0 d6 7. d4 Ba7 8. h3 0-0 9. Re1 h6 10. Bb3 Re8 11. Bc2 Bb6 12. Na3 Ba7 13. dxe5 dxe5 14. Qxd8 Rxd8 15. Nc4 Re8 16. Be3 Bxe3 17. Nxe3 Be6 18. Rad1 Rad8 19. b3 Kf8 20. c4 Nd4 21. Nxd4 Rxd4 22. Nd5 Bxd5 23. exd5 Rxd1 24. Rxd1 Ke7 25. b4 b6 26. Ba4 Rd8 27. Bc6 Kd6 28. Kf1 Ne4 29. f3 Ng3+ 30. Ke1 Nf5 31. Kd2 Rb8 32. a4 Nd4 33. b5 a5 34. Kc3 Nf5 35. Re1 Nh4 36. Re2 Rf8 37. Rf2 f5 38. f4 e4 39. Kd4 Ng6 40. g4 fxg4 41. hxg4 Nxf4 42. Kxe4 g5 43. Rh2 Rh8 44. Kf5 Rf8+ 45. Ke4 Rh8 46. Kf5 Kc5 47. Kf6 Kxc4 48. Kg7 Rd8 49. Rxh6 Kb4 50. Kf6 Kxa4 51. Kxg5 Nxd5 52. Kh5 Kb4 53. g5 a4 54. g6 Nf4+ 55. Kg4 Nxg6 56. Rxg6 a3 57. Rh6 a2 58. Rh1 Kb3 59. Kf5 Rd2 60. Ra1 Kb2 61. Rxa2+ Kxa2 62. Ke6 Kb3 63. Ke7 Kb4 64. Ke6 Kc5 65. Ke7 Rb2 66. Kd7 Rxb5 67. Kxc7 Rb2 68. Kd7 b5 69. Be4 Rd2+ 70. Kc7 b4 71. Bh7 b3 72. Bg6 b2 73. Bf5 Kc4 74. Kc6 Kc3 75. Kc5 Rc2 76. Kd5 b1Q 77. Bxc2 Qxc2 78. Ke5 Qg6 79. Kd5 Kb4 80. Ke5 Kc5 81. Kf4 Kd4 82. Kf3 Ke5 83. Ke3 Qg3+ 84. Ke2 Kd4 85. Kd2 Qf2+ 86. Kc1 Kc3 87. Kd1 Qf1# 0-1

[Event "Mumbai Wealth op U13 4th"]
[Site "Mumbai"]
[Date "2019.01.05"]
[Round "7"]
[White "Roy, Aanya"]
[Black "Raghu, Ram Reddy Seelam"]
[Result "0-1"]
[WhiteElo "1232"]
[BlackElo "1472"]
[PlyCount "92"]
[EventDate "2018.12.30"]
[EventType "swiss"]
[EventRounds "9"]
[EventCountry "IND"]
[SourceTitle "CBM 188 Extra"]
[Source "ChessBase"]
[SourceDate "2019.02.26"]
[SourceVersion "1"]
[SourceVersionDate "2019.02.26"]
[SourceQuality "1"]

1. e4 e5 2. Nf3 Nc6 3. Bc4 Bc5 4. 0-0 Nf6 5. d4 Bxd4 6. Nxd4 Nxd4 7. f4 d6 8. fxe5 dxe5 9. Bg5 Qe7 10. Bxf6 gxf6 11. c3 Ne6 12. Kh1 Bd7 13. Na3 0-0-0 14. Qf3 Bc6 15. Qxf6 Qxf6 16. Rxf6 Bxe4 17. Bxe6+ fxe6 18. Rf2 Rhg8 19. Nc4 Rg5 20. Re1 Bc6 21. h3 Rdg8 22. Ree2 e4 23. Nd2 e3 24. Rxe3 Rxg2 25. Rxg2 Rxg2 26. Nf3 Rg3 27. Kh2 Rxf3 28. Rxe6 Rxh3+ 29. Kxh3 Bd7 30. Kh4 Bxe6 31. a3 Kd7 32. Kh5 Kc6 33. Kh6 Kb5 34. Kxh7 Kc4 35. Kg6 Kb3 36. Kf6 Bc4 37. Ke5 Kxb2 38. Kd4 b5 39. a4 bxa4 40. Kxc4 a3 41. Kb4 a2 42. Kc4 a1Q 43. Kb4 Qa6 44. c4 Qb6+ 45. Ka4 a5 46. c5 Qb4# 0-1

[Event "Mumbai Wealth rating op 4th"]
[Site "Mumbai"]
[Date "2018.12.31"]
[Round "2"]
[White "Raghu, Ram Reddy Seelam"]
[Black "Aditya, Varun Gampa"]
[Result "0-1"]
[WhiteElo "1472"]
[BlackElo "1809"]
[PlyCount "65"]
[EventDate "2018.12.30"]
[EventType "swiss"]
[EventRounds "9"]
[EventCountry "IND"]
[SourceTitle "CBM 188 Extra"]
[Source "ChessBase"]
[SourceDate "2019.02.26"]
[SourceVersion "1"]
[SourceVersionDate "2019.02.26"]
[SourceQuality "1"]

1. e4 c5 2. Nf3 e6 3. d4 cxd4 4. Nxd4 Nc6 5. Nc3 Qc7 6. Be3 a6 7. Be2 Nf6 8. 0-0 Bb4 9. f3 Bxc3 10. bxc3 d5 11. Bd3 e5 12. Nb3 dxe4 13. fxe4 Ng4 14. Qf3 Nxe3 15. Qxe3 0-0 16. Rad1 Be6 17. Rf3 Bg4 18. Rg3 f5 19. Rxg4 fxg4 20. Qg5 Na5 21. Qxg4 Nxb3 22. Qe6+ Kh8 23. Qxb3 Rad8 24. Qa3 Rc8 25. c4 Qc5+ 26. Qxc5 Rxc5 27. Rb1 Rf7 28. h3 Ra5 29. Rb2 h5 30. g3 Kg8 31. Kg2 Kh8 32. Kg1 Kg8 33. Kg2 0-1

[Event "IND-ch U09 op 32nd"]
[Site "Ranchi"]
[Date "2018.09.19"]
[Round "7.6"]
[White "Md Imran"]
[Black "Raghu, Ram Reddy Seelam"]
[Result "1/2-1/2"]
[WhiteElo "1249"]
[BlackElo "1445"]
[PlyCount "136"]
[EventDate "2018.09.15"]
[EventType "swiss"]
[EventRounds "11"]
[EventCountry "IND"]
[SourceTitle "EXT 2024"]
[Source "ChessBase"]
[SourceDate "2023.10.10"]
[SourceVersion "1"]
[SourceVersionDate "2023.10.10"]
[SourceQuality "1"]

1. d4 d5 2. Bf4 Nf6 3. e3 c5 4. c3 Nc6 5. Nd2 Qb6 6. Qb3 c4 7. Qc2 g6 8. b3 Bf5 9. Qd1 cxb3 10. axb3 Bg7 11. f3 Rc8 12. g4 Be6 13. Qe2 a6 14. b4 Na7 15. Qd3 Nb5 16. Ne2 h5 17. g5 Nd7 18. h4 Qc6 19. Nb3 Bf5 20. Qd2 Nb6 21. Na5 Nc4 22. Nxc6 Nxd2 23. Kxd2 Rxc6 24. Rc1 Kd7 25. Ng3 e6 26. e4 dxe4 27. fxe4 Bg4 28. Bxb5 axb5 29. Rhf1 Rhc8 30. Be3 Ke8 31. e5 Ra8 32. Ra1 Rca6 33. Rxa6 Rxa6 34. Rc1 Bf8 35. Ne4 Ra2+ 36. Rc2 Rxc2+ 37. Kxc2 Bf5 38. Kd3 Kd7 39. Bf4 Kc6 40. Ke3 Bxe4 41. Kxe4 Be7 42. Bd2 Bd8 43. Be3 Be7 44. Bf4 Bd8 45. Be3 Be7 46. Bf4 Bd8 47. Bc1 Bb6 48. Be3 Bd8 49. Bf4 Bb6 50. Bh2 Bc7 51. Bg1 Bd8 52. Be3 Be7 53. Bd2 Bd8 54. Be1 Be7 55. Bg3 Bd8 56. Bh2 Bc7 57. Bf4 Bb6 58. Be3 Ba7 59. Bg1 Bb6 60. Be3 Bc7 61. Bf4 Bb6 62. Be3 Ba7 63. Bf4 Bb8 64. Bc1 Bc7 65. Bf4 Bb6 66. Bc1 Bc7 67. Bf4 Bd8 68. Be3 Bb6 1/2-1/2

[Event "Asian Schools-ch 14th U09"]
[Site "Waskaduwa"]
[Date "2018.07.09"]
[Round "2.1"]
[White "Raghu, Ram Reddy Seelam"]
[Black "Begmuratov, Khumoyun"]
[Result "0-1"]
[WhiteElo "1252"]
[BlackElo "1742"]
[PlyCount "40"]
[EventDate "2018.07.09"]
[EventType "swiss"]
[EventRounds "9"]
[EventCountry "SRI"]
[SourceTitle "EXT 2024"]
[Source "ChessBase"]
[SourceDate "2023.10.10"]
[SourceVersion "1"]
[SourceVersionDate "2023.10.10"]
[SourceQuality "1"]

1. e4 e5 2. Nf3 Nc6 3. Bc4 Nf6 4. d3 Be7 5. c3 0-0 6. 0-0 d6 7. Bg5 Be6 8. Bb3 d5 9. Bc2 h6 10. Bh4 Qd7 11. Nbd2 Rfe8 12. Re1 dxe4 13. Nxe4 Nxe4 14. dxe4 Bd6 15. Qe2 g6 16. Rad1 f6 17. c4 Qf7 18. b3 Bg4 19. h3 Nd4 20. Qe3 Nxc2 0-1